| 000 | 00450nam a2200193Ia 4500 | ||
|---|---|---|---|
| 005 | 20250425161718.0 | ||
| 008 | 250425s9999 xx 000 0 und d | ||
| 020 | _a0030570018 | ||
| 041 | _aspa | ||
| 082 | _a333.7913 | ||
| 100 | _aKRENZ, JERROLD H. | ||
| 245 | 0 | _aUSO RACIONAL DE LA ENERGIA: EL GRAN DESAFIO | |
| 250 | _a1A ED. | ||
| 260 |
_aArgentina _bARAGON _c1985 |
||
| 260 | _aS.L. | ||
| 300 | _a287 | ||
| 942 | _c01 | ||
| 010 | _a26401 | ||
| 999 |
_c214560 _d214560 |
||